• Miano, Vincenzo,

di Personal Name

Records bibliografici associati: 3

001 - CONTROL NUMBER

  • control field: 2600

003 - CONTROL NUMBER IDENTIFIER

  • control field: IT-RoINE

005 - DATE AND TIME OF LATEST TRANSACTION

  • control field: 20140108164457.0

008 - FIXED-LENGTH DATA ELEMENTS

  • fixed length control field: 140108|| aca||aabn | a|a d

040 ## - CATALOGING SOURCE

  • Original cataloging agency: IT-RoINE
  • Transcribing agency: IT-RoINE

100 ## - HEADING--PERSONAL NAME

  • Personal name: Miano, Vincenzo,
  • Titles and other words associated with a name: S.D.B.,
  • Dates associated with a name: 1910-1980

670 ## - SOURCE DATA FOUND

  • Source citation: Work cat.: (IT-RoINE): Miano, Vincenzo S.D.B., 1910-1980, Continuità ed evoluzione nell'insegnamento del magistero rispetto a comunismo, socialismo, marxismo /, 1980.